| 000 | 00343cam a22001097a 4500 | ||
|---|---|---|---|
| 008 | 180718b1965 xxu||||| |||| 00| 0 eng d | ||
| 082 | _aQ87x54 Se52 | ||
| 100 | _aCentral Bureau of Investigation | ||
| 245 |
_aSeminar on jevenile delinquency role of the police _cby Central Bureau of Investigation |
||
| 260 |
_aNew Delhi _b _c1965 |
||
| 300 | _av.p. | ||
| 999 |
_c495734 _d495734 |
||